Zrodila sa hviezda!

Bibliographic Details
Main Author: Bárdoš, Boris (Author)
Format: Article
Language:Slovak
PhysicalDescription:Fotogr.
ISSN:1335-7867
Subjects:

MARC

LEADER 00000nab a2200000 a 4500
001 vtls009090720
003 SK-MaSNL
005 20260303064134.0
008 160322c2007 xo wr|p|||||||000 b|slo
015 |a SNBRB2007/09  |2 snkbucl 
038 |a SNKBUCL 
040 |a SNKBUCL  |b slo  |c SNKBUCL  |e AACR2 
041 0 |a slo 
044 |a xo  |c SK 
080 |a 796.894.071  |2 2001 
080 |a 929 Verbovská, Katarína  |2 2001 
100 1 |a Bárdoš, Boris  |4 aut  |9 27407 
245 1 0 |a Zrodila sa hviezda!  |c Boris Bárdoš 
300 |b Fotogr. 
600 1 7 |a Verbovská, Katarína,  |d 1980-  |2 snkbucl  |9 1061977 
773 0 |t Muscle a fitness  |g Roč. XVII, č. 9 (2007), s. 76-79  |x 1335-7867 
852 |a SNK  |b KIS3GCP 
958 |a BX 
999 |c 1745913  |d 1747843